000 00528nam a22001457a 4500
020 _a978-93-5004-094-2
082 _a746.93
_bKAU/C
100 _aKAUR, NAVNEET
245 _aCOMDEX FASHION DESIGN VOL - II
_bENSEMBLES FOR YOUR BODY TYPE
260 _aDELHI
_bDREAMTECH PRESS
_c2010
300 _a294
520 _aTHIS VOLUME HAS BEEN DESIGNED WITH THE PURPOSE TO HELP YOU KNOW YOUR CLIENTS BODY TYPE WITH ITS POSITIVES AND NGATIVES , AND HELP YOU SELECT ENSEMBLES BEST SUITED.
650 _aFASHION STUDIES
_zINDIA
942 _cBK
999 _c5915
_d5915